书目信息 |
| 题名: |
粘合与密封材料
|
|
| 作者: | 张开 主编 | |
| 分册: | ||
| 出版信息: | 北京 化学工业出版社 1996 |
|
| 页数: | 512 | |
| 开本: | 20cm | |
| 丛书名: | ||
| 单 册: | ||
| 中图分类: | TQ43 | |
| 科图分类: | ||
| 主题词: | 胶粘剂--化学工业 | |
| 电子资源: | ||
| ISBN: | 7-5025-1648-4 | |
| 000 | 00514nam0 2200181 450 | |
| 001 | 0754114953 | |
| 005 | 20070929150154.95 | |
| 010 | @a7-5025-1648-4 | |
| 100 | @a20070929d km y0chiy0120 ea | |
| 101 | 0 | @achi |
| 200 | 1 | @a粘合与密封材料@Anian he yu mi feng cai liao@f张开 主编@Fzhang kai zhu bian |
| 210 | @a北京@c化学工业出版社@d1996 | |
| 215 | @a512@c插图@d20cm | |
| 606 | 0 | @a胶粘剂@x化学工业 |
| 690 | @aTQ43@v3 | |
| 701 | 0 | @a张开@Azhang kai@4主编 |
| 801 | 0 | @aCN@bPFT@c20070929 |
| 905 | @a213230@dTQ43@eh25@f1 | |
| 粘合与密封材料/张开 主编.-北京:化学工业出版社,1996 |
| 512:插图;20cm |
| ISBN 7-5025-1648-4: |
| ● |
| 相关链接 |
|
|
|
|
正题名:粘合与密封材料
索取号:TQ43/h25
 
预约/预借
| 序号 | 登录号 | 条形码 | 馆藏地/架位号 | 状态 | 备注 |
| 1 | 6001052 | 260010525 | 密集书库-化学系/ [索取号:TQ43/h25] | 在馆 |